Say good night / (Record no. 112128)
[ view plain ]
| 000 -LEADER | |
|---|---|
| fixed length control field | 00407nam a2200169 a 4500 |
| 001 - CONTROL NUMBER | |
| control field | 0585 |
| 005 - DATE AND TIME OF LATEST TRANSACTION | |
| control field | 20140414131928.0 |
| 008 - FIXED-LENGTH DATA ELEMENTS--GENERAL INFORMATION | |
| fixed length control field | 040201s19uu xx 00 eng d |
| 020 ## - INTERNATIONAL STANDARD BOOK NUMBER | |
| International Standard Book Number | 0-394-85491-8 |
| 050 ## - LIBRARY OF CONGRESS CALL NUMBER | |
| Classification number | ER |
| Item number | Sa1 1992 |
| 100 ## - MAIN ENTRY--PERSONAL NAME | |
| Personal name | Ross, Anna |
| 245 ## - TITLE STATEMENT | |
| Title | Say good night / |
| Statement of responsibility, etc | Anna Ross. |
| 260 ## - PUBLICATION, DISTRIBUTION, ETC. (IMPRINT) | |
| Place of publication, distribution, etc | Italy : |
| Name of publisher, distributor, etc | Random, |
| Date of publication, distribution, etc | 1992. |
| 300 ## - PHYSICAL DESCRIPTION | |
| Extent | p. ; cm. |
| 440 ## - SERIES STATEMENT/ADDED ENTRY--TITLE | |
| Title | Sesame street |
| Withdrawn status | Lost status | Damaged status | Use restrictions | Home library | Current library | Shelving location | Date acquired | Source of acquisition | Total Checkouts | Full call number | Barcode | Date last seen | Price effective from | Koha item type |
|---|---|---|---|---|---|---|---|---|---|---|---|---|---|---|
| Munich Library | Munich Library | Easy Reading Section | 02/01/2004 | ER Sa1 1992 | M3178 | 04/14/2014 | 04/14/2014 | Books |